Statistics for 2017 Africa Cup of Nations with a Map

Click here to take the quiz!

General Stats

  • This quiz has been taken 455 times
  • The average score is 13 of 16

Answers on the Map

Answers color-coded by a green-red scale on the quiz's map according to % correct below.
 

Answer Stats

Country% Correct
Egypt
99%
Algeria
98%
Morocco
95%
Tunisia
94%
Cameroon
91%
Ghana
91%
Senegal
91%
D. R. Congo
90%
Mali
85%
Cote d'Ivoire
84%
Gabon
75%
Togo
75%
Burkina Faso
66%
Zimbabwe
65%
Uganda
64%
Guinea-Bissau
49%

Score Distribution

Percentile by Number Answered

Percent of People with Each Score

Your Score History

You have not taken this quiz